000 01031nam a2200349 a 4500
003 AR-BaBNM
005 20251128204717.0
008 082120s2002 ||||||||||||||000 | spa||
020 _a950-755-105-0
040 _cAR-BaBNM
100 1 _aDíaz, Mario César
245 0 0 _aEl aprendizaje de la música en el nivel medio
_ben la escuela media mi amiga es la música
260 _aBuenos Aires
_bBraga
_c1993
300 _a170 p.
_bil. gráfs.
490 0 _aDidáctica operativa
_vv. 24
500 _aPrólogo por Sergio Pérez Alvarez
504 _aBibliografía p. 169-170
650 4 _aAPRENDIZAJE
650 4 _aEDUCACION MUSICAL
650 4 _aEDUCACION PERMANENTE
650 4 _aHISTORIA
650 4 _aINSTRUMENTOS MUSICALES
650 4 _aENFOQUE INTERDISCIPLINARIO
650 4 _aCANTO
650 4 _aEDUCACION ESTETICA
650 4 _aNIVELES DE EDUCACION
650 4 _aTALLERES ESCOLARES
653 _aEDUCACION SECUNDARIA
800 1 _aPérez Alvarez, Sergio
_edirector
942 _cBK
998 _cCarmen
999 _c8524
_d8524